Sports Quiz

Random Sports or City Quiz

MLS 2009 Team Nicknames Quiz Stats

 Plays Quiz not verified by Sporcle

Challenge
Share
Tweet
Embed
Score 0/15 Timer 04:00
0 Plays Today
City Nicknames % Correct
Los AngelesGalaxy
97.7%
ChicagoFire
94.6%
New YorkRed Bulls
93.8%
ColumbusCrew
90.8%
SeattleSounders
90%
New EnglandRevolution
89.2%
HoustonDynamo
84.6%
San JoseEarthquakes
84.6%
City Nicknames % Correct
ColoradoRapids
83.1%
Washington, D.C.United
82.3%
Kansas CityWizards
76.9%
Salt Lake CityReal Salt Lake
73.1%
Los AngelesChivas USA
64.6%
DallasFC Dallas
61.5%
TorontoToronto FC
60%

You're not logged in!

Compare scores with friends on all Sporcle quizzes.
OR
Log In

You Might Also Like...

Show Comments

Extras

Created Dec 6, 2009ReportNominate
Tags:City Quiz, 2009, MLS, nickname, team

Top Quizzes Today


Score Distribution

Your Account Isn't Verified!

In order to create a playlist on Sporcle, you need to verify the email address you used during registration. Go to your Sporcle Settings to finish the process.

Report this User

Report this user for behavior that violates our Community Guidelines.

Details: